000 00537ntaaa2200181 4500
003 01
005 20251027201327.0
008 0714s1973 ag 01
040 _aAR-BaBN
_bspa
_cAR-BaBN
_eaacr
_dRIC
082 _a264.0100
245 _aManual de Culto Cristiano
250 _a1 ed. :
_bJunta de Misiones Americanas de la Iglesia Luterana Unida en América,
_cc1940
300 _a310 p.
500 _a(autorizado por la Iglesia Luterana Unida de América)
650 _aIglesia Luterana Unida
_911564
650 _aLuteranos
942 _cBK
999 _c7745
_d7745